| 000 | 01037nam a22002177a 4500 | ||
|---|---|---|---|
| 999 |
_c584 _d584 |
||
| 003 | AR-CdUCM | ||
| 008 | 190225b ||||| |||| 00| 0 spa d | ||
| 040 |
_aMUNICIPALIDAD PROVINCIAL DEL CUSCO _cBIBLIOTECA MUNICIPAL DEL CUSCO |
||
| 041 | _hger | ||
| 082 |
_a869 / _bG82 |
||
| 100 |
_aGrossman, Rudolf _92286 |
||
| 245 | _aHistoria y problemas de la literatura latinoamericana / | ||
| 260 |
_aMadrid : _bRevista de occidente, _c1972. |
||
| 300 |
_a758 páginas ; _c22 cm. |
||
| 505 | _aContenido: Periodización literaria adecuada a América -- La síntesis como factor literario -- Yuxtaposición en lugar de suceción en la literatura -- El sentido de tiempo y espacio en su funcion literaria -- Unidad lingüistica y literaria -- La época coonial hispanoportugesa -- El siglo XIX de orientación europea -- La actualidad latinoamericana consciente de si misma ... | ||
| 650 |
_aHistoria literaria _92287 |
||
| 650 |
_aPeriodización literaria _92288 |
||
| 650 |
_aGéneros literarios _92289 |
||
| 942 |
_2ddc _cLIBROS |
||
| 945 | _azta | ||